Antología fundamental
সংরক্ষণ করুন:
| প্রধান লেখক: | |
|---|---|
| বিন্যাস: | গ্রন্থ |
| ভাষা: | স্প্যানিশ |
| প্রকাশিত: |
Santiago
Pehuén
1989
|
| সংস্করন: | 2a. ed |
| মালা: | Pehuén Poesía
|
| বিষয়গুলি: | |
| ট্যাগগুলো: |
ট্যাগ যুক্ত করুন
কোনো ট্যাগ নেই, প্রথমজন হিসাবে ট্যাগ করুন!
|
MARC
| LEADER | 00000cam a2200000 a 4500 | ||
|---|---|---|---|
| 001 | UCE9444 | ||
| 003 | CL-VaPUC | ||
| 008 | 151022e19890000cl |||||||||||||||||spa|d | ||
| 020 | |a 9561601698 | ||
| 082 | 0 | 4 | |a 861 |b NER |2 21 |
| 100 | |a Neruda, Pablo |e autor |9 306531 | ||
| 245 | 1 | 0 | |a Antología fundamental |
| 250 | |a 2a. ed | ||
| 300 | |a 517 p | ||
| 942 | |c BK | ||
| 945 | |d 20151022 17:18:00 |a dcastane | ||
| 260 | |a Santiago |b Pehuén |c 1989 | ||
| 650 | 7 | |a POESIA HISPANOAMERICANA |2 CL-VaPUC |9 267889 | |
| 650 | 0 | |a Poesías chilenas |9 265280 | |
| 583 | |a last modification |c 20151022 17:18:00 |k Rodrigo Vera | ||
| 490 | 0 | |a Pehuén Poesía | |
| 999 | |c 361108 |d 361106 | ||
| 952 | |0 0 |1 0 |3 erb |4 0 |6 861_000000000000000_NER_1989 |7 0 |8 C |9 471440 |a BIBCUR |b BIBCUR |i 5206952 |l 1 |o 861 NER 1989 |p 5206952 |r 2025-04-22 |s 2022-05-19 |w 2019-11-24 |y BK |z Catalogado en:20151022 |k CAC | ||